Logopédia 2

Bibliographic Details
Main Author: Lechta, Viktor, 1948- (Author)
Format: Book
Language:Slovak
PhysicalDescription:92 s. Sch. 29 cm
Published: Bratislava Univerzita Komenského 1983
Edition:1. vyd.
Series:Vysokoškolské skriptá
Subjects:

MARC

LEADER 00000nam a2200000 a 4500
001 vtls001092657
003 SK-MaSNL
005 20260301001114.0
008 250414s1983 xo 0 slo
015 |a SNBA1983/11 
035 |a SNK000035499 
040 |a SNK  |b slo  |c SNK  |e AACR2 
041 0 |a slo 
044 |a xo  |c SK 
080 |a 376.36(075.8)  |2 1981 
100 1 |a Lechta, Viktor,  |d 1948-  |4 aut  |9 204822 
245 1 0 |a Logopédia 2  |c Viktor Lechta 
250 |a 1. vyd. 
260 |a Bratislava  |b Univerzita Komenského  |c 1983  |e Bratislava  |f Polygrafické stredisko UK 
300 |a 92 s.  |b Sch.  |c 29 cm 
366 |e 250 výtl. 
490 1 |a Vysokoškolské skriptá 
504 |a Obsahuje bibliografiu 
650 0 7 |a logopédia  |2 SNKPH  |9 921 
655 7 |a učebnice vysokých škôl  |2 SNKPH  |9 70191 
655 7 |a Textbooks (higher)  |2 SNKPHeng  |9 276436 
830 0 |a Vysokoškolské skriptá  |9 276440 
852 |a Slovenská národná knižnica 
954 |a odborná, vedecká literatúra pôvodná (slovenská)  |2 lita 
954 |a logopédia 
958 |a NB 
958 |a RM 
958 |a UV 
958 |a OND 
999 |c 534179  |d 536109 
952 |a SNK  |b SNK  |y PREZ  |7 0  |p 17A0778906  |o snkSB 36773/2  |0 0  |1 0  |4 0  |d 2012-04-02  |f 1  |l 0  |r 2025-04-15 00:00:00  |w 2026-02-23 
952 |t P60, <04>, [BOOK], {604}  |a SNK  |b SNK  |y VYP  |7 0  |p 17A0017690  |o snkSB 36773/2 D1  |0 0  |1 0  |4 0  |d 1996-11-04  |l 0  |r 2004-12-31 00:00:00  |w 2026-02-23